Jutawan MLM(Multilevel marketing)

Bibliographic Details
Main Author: Razzi Armansur
Format: Book
Published: K.L : SN Future Enterprise sdn.bhd , 1998
Subjects:

MARC

LEADER 00000cam a2200000 7i4500
001 0000009673
005 20040330.0
008 030702s1998
020 |a 9839919598 
090 0 0 |a 658.8   |b RAZ 
100 1 |a Razzi Armansur. 
245 1 0 |a Jutawan MLM(Multilevel marketing)   |c Razzi Armansur 
260 |a K.L :   |b SN Future Enterprise sdn.bhd ,   |c 1998 
300 |a 174p. :   |b ill. ;   |c 23cm. 
650 0 0 |a Jualan langsung. 
999 |a 92910   |b Buku   |c Rak Terbuka   |e Perbadanan Perpustakaan Awam Melaka 
999 |a 92915   |b Buku   |c Rak Terbuka   |e Perpustakaan Cawangan Jasin 
999 |a 92917   |b Buku   |c Rak Terbuka   |e Perpustakaan Cawangan Masjid Tanah